La esperanza de Pandora : ensayos sobre la realidad de los estudios de la ciencia /

Cierto día, Bruno Latour se quedó asombrado ante la pregunta de un colega de si creía en la realidad. Su esfuerzo por encontrar una respuesta dio lugar a la redacción de La esperanza de Pandora. Latour muestra que detrás de la cuestión de la realidad también hoy se esconde la pregunta por la alianza...

Full description

Bibliographic Details
Main Author: Latour, Bruno
Format: Libro
Language:Spanish
Published: Barcelona Gedisa 2001
Edition:1a. ed.
Series:Sociología
Subjects:
Online Access:

MARC

LEADER 00000cam a2200000 a 4500
001 017485
003 UAHC_CL
005 20170803121514.0
008 080711s2001 sp 000 spa
020 |a 8474327873 
040 |a UAHC_CL  |c UAHC_CL  |d UAHC_CL 
082 0 4 |a 501  |b L359  |2 20 
100 1 |a Latour, Bruno 
245 1 3 |a La esperanza de Pandora :  |b ensayos sobre la realidad de los estudios de la ciencia /  |c Bruno Latour ; Traducción : Tomás Fernández Aúz. 
250 |a 1a. ed. 
260 |b Gedisa  |a Barcelona  |c 2001 
300 |a 382 p. 
490 0 |a Sociología 
520 |a Cierto día, Bruno Latour se quedó asombrado ante la pregunta de un colega de si creía en la realidad. Su esfuerzo por encontrar una respuesta dio lugar a la redacción de La esperanza de Pandora. Latour muestra que detrás de la cuestión de la realidad también hoy se esconde la pregunta por la alianza entre ciencia y política. 
521 |a Epistemología 
650 4 |a FILOSOFIA DE LA CIENCIA 
653 |a OB. SOCIOLOGIA 
653 |a OB. ANTROPOLOGIA 
658 |a García, Fernando 
900 |a 501 LAT 
942 |c BK 
952 |0 0  |1 0  |4 0  |6 501_000000000000000_LAT  |7 0  |8 General  |9 34959  |a BC  |b BC  |c General  |d 2017-08-03  |l 0  |o 501 LAT  |p 1364367  |r 2026-01-13 00:00:00  |t 1  |w 2017-08-03  |y BK 
952 |0 0  |1 0  |4 0  |6 501_000000000000000_LAT  |7 0  |8 General  |9 34960  |a BC  |b BC  |c General  |d 2017-08-03  |l 0  |o 501 LAT  |p 1364368  |r 2026-01-13 00:00:00  |t 2  |w 2017-08-03  |y BK 
952 |0 0  |1 0  |4 0  |6 501_000000000000000_LAT  |7 0  |8 General  |9 34961  |a BC  |b BC  |c General  |d 2017-08-03  |l 0  |o 501 LAT  |p 1364369  |r 2026-01-13 00:00:00  |t 3  |w 2017-08-03  |y BK 
952 |0 0  |1 0  |4 0  |6 501_000000000000000_LAT  |7 0  |8 General  |9 34962  |a BC  |b BC  |c General  |d 2017-08-03  |l 0  |o 501 LAT  |p 1364370  |r 2026-01-13 00:00:00  |t 4  |w 2017-08-03  |y BK 
999 |c 17485  |d 17485